000 00764nam a2200241Ia 4500
003 OSt
005 20220923221007.0
006 a|||||r|||| 00| 0
007 ta
008 220922b |||||||| |||| 00| 0 hin d
024 _a193,488
037 _cTextual
040 _aARTS
_cARTS
_bhin
041 _2hin
_ahin
082 _aO152,3x693.N7, M2
100 _aकमलेश, कामता
_9156290
245 0 _aमॉरिषस का कथा साहित्य
246 _aMaॉriṣhas kā kathā sāhitya
260 _aदिल्ली
_b अनन्य प्रकाशन
_c1982
300 _a144पृ.
_ccm.
942 _hO152,3x693.N7, M2
_cTEXL
_2CC
999 _c345936
_d345936